Statistics for Flash-Name all speedsters

Click here to take the quiz!

General Stats

  • This quiz has been taken 4 times
  • The average score is 7 of 10

Answer Stats

Answer% Correct
Flash
100%
Godspeed
100%
Kid flash
100%
Reverse flash
100%
Savitar
100%
Zoom
100%
Jesse quick
67%
Jay Garrick
33%
Iris west-allan
0%
Nora west-allan
0%

Score Distribution

Percentile by Number Answered

Percent of People with Each Score

Your Score History

You have not taken this quiz